Február 1948 sborník prejavov a dokumentov z dní 17. februára - 10. marca 1948 : akčný program Gottwaldovej vlády, prednesený v ÚNS dňa 10. marca 1948

Bibliographic Details
Main Author: Gottwald, Klement, 1896-1953 (Author)
Other Authors: Truchlik, Karol, 1920- (Editor), Weisskopf, Viliam, 1906-1964 (Editor, Bookjacket designer)
Format: Book
Language:Slovak
PhysicalDescription:106, [3] s. 8°
Published: Bratislava Tatran 1948
Subjects:

MARC

LEADER 00000nam a2200000 a 4500
001 vtls008372164
003 SK-MaSNL
005 20260311135746.0
008 230403s1948 xo slo
015 |a SKSNBA19451955-003234 
035 |a SK01SNKBKSFS20010064381 
035 |a urn:nbn:sk:snk-am3i4u7 
035 |a C3EEFA84-6326-4650-9E37-811B80690266 
035 |a urn:nbn:sk:snk-am00dk4i 
035 |a SKM000066844 
040 |a SNK  |b slo  |c SNK  |e AACR2 
041 0 |a slo 
044 |a xo  |c SK 
080 |a 323(437)"1948"  |2 1981 
100 1 |a Gottwald, Klement,  |d 1896-1953  |4 aut  |9 114413 
245 1 0 |a Február 1948  |b sborník prejavov a dokumentov z dní 17. februára - 10. marca 1948 : akčný program Gottwaldovej vlády, prednesený v ÚNS dňa 10. marca 1948  |c Klement Gottwald ; [zredigovali: textovú časť Karol Truchlik, obrazovú časť Viliam Weisskopf] 
260 |a Bratislava  |b Tatran  |c 1948  |e Bratislava  |f Pravda 
300 |a 106, [3] s.  |c 8° 
648 7 |a 1948  |2 SNKPH  |9 282113 
650 0 7 |a Február (1948 : Československo)  |2 SNKPH  |9 83931 
651 7 |a Československo  |2 SNKPHgeo  |9 21376 
655 7 |a prejavy  |2 SNKPH  |9 70401 
655 7 |a dokumenty  |2 SNKPH  |9 70482 
655 7 |a zborníky  |2 SNKPH  |9 70165 
700 1 |a Truchlik, Karol,  |d 1920-  |4 edt  |9 8416 
700 1 |a Weisskopf, Viliam,  |d 1906-1964  |4 edt  |4 bjd  |4 bkd  |9 192184 
852 |a Slovenská národná knižnica 
954 |a odborná, vedecká literatúra pôvodná (slovenská)  |2 lita 
958 |a RK 
958 |a TL 
958 |a ZB 
958 |a OND 
958 |a EUIPO 
999 |c 930596  |d 932526 
952 |a SNK  |b SNK  |y VYP  |7 0  |p 17A0597253  |o snkSD 6148 D1  |i snkD 2071/60  |8 1  |0 0  |1 0  |4 0  |d 2008-09-06  |l 0  |r 2026-02-24 08:46:54  |w 2026-02-24 
952 |a SNK  |b SNK  |y VYP  |7 0  |p 17A0436682  |o snkSD 6148 D2  |i snkF 1834/69  |8 5  |0 0  |1 0  |4 0  |d 2004-09-20  |l 0  |r 2005-01-02 00:00:00  |w 2026-02-24 
952 |a SNK  |b SNK  |y PREZ  |7 0  |p 17A0910930  |o snkSD 6148  |i snk4112/49  |0 0  |1 0  |4 0  |d 2018-12-12  |f 1  |l 0  |r 2025-11-14 00:00:00  |w 2026-02-24